De Bánzer a Guevara Arze: la fuerza de la masa

محفوظ في:
التفاصيل البيبلوغرافية
المؤلف الرئيسي: Zavaleta Mercado, René
التنسيق: نص
منشور في: s.l.: FLACSO
الوسوم: إضافة وسم
لا توجد وسوم, كن أول من يضع وسما على هذه التسجيلة!

MARC

LEADER 00000 a a2200000 04500
001 24383
003
040
090 |a 172800  
100 |a Zavaleta Mercado, René  
245 |a De Bánzer a Guevara Arze: la fuerza de la masa  
260 |a s.l.:   |b FLACSO  
300 |a pp. 29-41  
999 |c 318  |d 318